| 000 | 00716nam a22001937a 4500 | ||
|---|---|---|---|
| 999 |
_c182567 _d182567 |
||
| 005 | 20211123104439.0 | ||
| 010 | _aUR-11340 | ||
| 020 |
_c227.00 _a9789390533985 |
||
| 035 | _aU-9895 | ||
| 037 | _bDBAD/PUB | ||
| 082 | _a808.88 | ||
| 100 | _aگلشن عبد ا للہ | ||
| 245 |
_aمر ز ا محمد ہا د ی ر سو ا کا سما جی وثقا فتی شعو ر _cگلشن عبد ا للہ |
||
| 246 |
_aMirza Mohd. Hadi Ruswa Ka Samaji w-Saqafti Sha'oor(Urdu) _bby Gulshan Abdullah |
||
| 260 |
_aN.Delhi _c2020 ء _bEducational Publishing House |
||
| 270 |
_aD1/16,Ansari Road,Darya Ganj, _bNew Delhi _e110002 _l - |
||
| 300 |
_a384 ص _c22 Cm(Hb) |
||
| 942 |
_2ddc _cUR _h808.88 _mگ ل ش |
||